000 00400nam a22001577a 4500
003 OSt
005 20211025141458.0
008 211025b |||||||| |||| 00| 0 eng d
020 _a07137 0621X
040 _cHawassa University
050 _a635.9/HUX
_b1
082 _a635.9/HUX
_b1
245 _aEvergreen,Garden Trees and Shrubs
260 _aLondon
_bBlandford Press
_c1973
942 _2ddc
_cBOOKS
_n0
999 _c14696
_d14696